| 000 | 02548nam0a22003371 4500 | ||
|---|---|---|---|
| 001 | v19\rc\1746704 | ||
| 005 | 20250619115428.0 | ||
| 035 | _a(NLR Aleph) 004894496 | ||
| 090 |
_a5306868 _c5306867 |
||
| 100 | _a20061204e19021902|||y0rusy50 ca | ||
| 101 | 0 | _arus | |
| 102 | _aRU | ||
| 105 | _ay z |||c| | ||
| 200 | 1 |
_aНаша железнодорожная политика по вновь изданным официальным материалам _e[Рец. на книгу:] "Наша железнодорожная политика" _eПо док. Архива Комитета мин. _eИст. очерк, составл. начальником отделения Канцелярии Комитета министров Н.А. Кислинским _fИзд. Канцелярии Комитета министров под главной редакцией статс-секретаря Куломзина. Спб, 1902 г. 2 тома |
|
| 210 |
_a[Санкт-Петербург] _cтип. М-ва пут. сообщ. _d[1902] |
||
| 215 |
_a72 с. _d23 |
||
| 300 | _aВ конце текста: Г.Е. | ||
| 309 | _aБез тит. л. и обл. | ||
| 311 | _aИзвлеч. из "Журн. М-ва пут. сообщ." Кн. 7 и 8, 1902 г. | ||
| 470 | 0 |
_12001#$aНаша железнодорожная политика$eПо документам Архива Комитета министров$eИсторический очерк, составленный начальником отделения Канцелярии Комитета министров Н.А. Кислинским$fИздание Канцелярии Комитета министров под главною редакцией статс-секретаря Куломзина _1210##$aСанкт-Петербург$d1902 _1215##$a2 т. _1700#1$aКислинский$bН.А.$gНиколай Андреевич _tНаша железнодорожная политика _aКислинский, Николай Андреевич |
|
| 488 | 0 |
_12001#$aЖурнал Министерства путей сообщения$v1902, кн. 7, 8 _tЖурнал Министерства путей сообщения |
|
| 701 | 0 | _aГ.Е. | |
| 702 | 1 |
_4340 _aКуломзин _bА. Н. _f1838-1923 _gАнатолий Николаевич _9169479 _3RU\NLR\AUTH\770169529 |
|
| 801 | 0 |
_aRU _bNLR _gpsbo |
|
| 801 | 0 |
_aRU _bRuMoRGB _2psbo |
|
| 801 | 1 |
_aRU _bProSoft-M _2rusmarc |
|
| 852 |
_aNLR _j34.87.2.7 |
||
| 852 |
_aNLR _bМф _jК1/17764 |
||
| 942 | _cBOOK | ||
| 980 | _aNB | ||